000 00750nam a2200205Ia 4500
003 Ost
005 20260507074932.0
008 260507s9999||||xx |||||||||||||| ||und||
040 _cfsecg
041 _aara
082 _a350
100 _aمصطفى، محمد محمود
_eمؤلف
245 0 _aالإدارة اللوجستية /
_c محمد محمود مصطفى
260 _aعمان:
_bدار البداية,
_c2017
300 _a207 صفحة؛
_bإيضاحات ؛
_c24 سم
504 _aببليوغرافيا:ص.199-201
520 _aيضم الإدارة،مفهومها،عوامل ظهورها،مداخلها،الإدارة في الإسلام،الإدارة اللوجستية
653 _aالادارة
942 _cكتاب
999 _c41858
_d41858